[Event "SWE-ch"]
[Site "Borlange"]
[Date "2014.07.17"]
[Round "6"]
[White "Cramling, Pia"]
[Black "Hillarp Persson, Tiger"]
[Result "1-0"]
[WhiteElo "2491"]
[BlackElo "2564"]
[PlyCount "71"]
[EventDate "2014.07.12"]
[EventType "tourn"]
[EventRounds "9"]
[EventCountry "SWE"]
[EventCategory "10"]
[SourceTitle "CBM 161 Extra"]
[Source "ChessBase"]
[SourceDate "2014.08.29"]
[SourceVersion "1"]
[SourceVersionDate "2014.08.29"]
[SourceQuality "1"]

1. d4 Nf6 2. Nf3 e6 3. c4 a6 4. g3 b5 5. Bg2 bxc4 6. Qa4 Bb7 7. O-O c5 8. Qxc4
d5 9. Qb3 Nc6 10. Bf4 Ra7 11. Rc1 Nd7 12. Qd1 Ra8 13. Nc3 Be7 14. e4 dxe4 15.
Nxe4 cxd4 16. Nxd4 Nde5 17. Nxc6 Qxd1+ 18. Rxd1 Nxc6 19. Nd6+ Bxd6 20. Rxd6 Na5
21. Rc1 Bxg2 22. Kxg2 O-O 23. Rb6 Rac8 24. Rxc8 Rxc8 25. Rxa6 Nc6 26. a3 f6 27.
Be3 g5 28. b4 Kf7 29. b5 Ne5 30. b6 Nc4 31. Ra7+ Kg6 32. Rc7 Nxe3+ 33. fxe3 Rb8
34. Rc6 Kf5 35. a4 Rd8 36. Rc2 1-0

[Event "SWE-ch"]
[Site "Borlange"]
[Date "2014.07.16"]
[Round "5"]
[White "Semcesen, Daniel"]
[Black "Cramling, Pia"]
[Result "1/2-1/2"]
[WhiteElo "2471"]
[BlackElo "2491"]
[PlyCount "96"]
[EventDate "2014.07.12"]
[EventType "tourn"]
[EventRounds "9"]
[EventCountry "SWE"]
[EventCategory "10"]
[SourceTitle "CBM 161 Extra"]
[Source "ChessBase"]
[SourceDate "2014.08.29"]
[SourceVersion "1"]
[SourceVersionDate "2014.08.29"]
[SourceQuality "1"]

1. d4 Nf6 2. c4 e6 3. Nc3 Bb4 4. a3 Bxc3+ 5. bxc3 c5 6. e3 Nc6 7. Bd3 O-O 8.
Ne2 b6 9. e4 Ne8 10. O-O Ba6 11. f4 f5 12. exf5 exf5 13. dxc5 bxc5 14. Ng3 g6
15. Be3 d6 16. Re1 Nf6 17. h3 Qc7 18. Qa4 Bb7 19. Bf2 Rae8 20. Rad1 Na5 21. Bf1
Rxe1 22. Rxe1 Bc6 23. Qd1 Re8 24. Re2 Rxe2 25. Bxe2 Qe7 26. Nf1 Ne4 27. Be1 Kf7
28. Kh2 Qb7 29. Ne3 Qb3 30. Qa1 Bd7 31. Bd1 Qb7 32. Bf3 Be6 33. Be2 Qb3 34. Bd1
Qb6 35. Be2 Qb3 36. Bd1 Qb7 37. Be2 Nf6 38. Bf3 Qb3 39. Bd1 Qb7 40. Bf3 Qa6 41.
Qd1 Nxc4 42. Qd3 Ne4 43. Be2 d5 44. Nxc4 dxc4 45. Qd8 Qd6 46. Qxd6 Nxd6 47. Bf3
a5 48. Bc6 Ne4 1/2-1/2

[Event "SWE-ch"]
[Site "Borlange"]
[Date "2014.07.16"]
[Round "5"]
[White "Grandelius, Nils"]
[Black "Hector, Jonny"]
[Result "1/2-1/2"]
[WhiteElo "2588"]
[BlackElo "2483"]
[PlyCount "116"]
[EventDate "2014.07.12"]
[EventType "tourn"]
[EventRounds "9"]
[EventCountry "SWE"]
[EventCategory "10"]
[SourceTitle "CBM 161 Extra"]
[Source "ChessBase"]
[SourceDate "2014.08.29"]
[SourceVersion "1"]
[SourceVersionDate "2014.08.29"]
[SourceQuality "1"]

1. Nf3 d5 2. g3 Nc6 3. d4 Bg4 4. Bg2 Qd7 5. c4 dxc4 6. d5 Bxf3 7. Bxf3 Ne5 8.
Bg2 e6 9. Nc3 exd5 10. Qd4 f6 11. f4 Nc6 12. Qe3+ Nge7 13. Bxd5 Nb4 14. Be4 c6
15. O-O Nbd5 16. Nxd5 cxd5 17. Rd1 O-O-O 18. Qxa7 Qb5 19. Be3 Nc6 20. Qb6 Qxb6
21. Bxb6 dxe4 22. Bxd8 Nxd8 23. Rac1 f5 24. Rxc4+ Nc6 25. Rd5 g6 26. g4 fxg4
27. Rxe4 Kc7 28. Kg2 Bd6 29. Rg5 Be7 30. Rxg4 Bf6 31. b3 Rd8 32. Rg3 Rd2 33. a4
Nd4 34. Rc3+ Kd6 35. Rce3 Kc5 36. Kf1 Rb2 37. Rd3 Nxb3 38. Re6 Bd4 39. e3 Nd2+
40. Ke2 Nc4+ 41. Kf3 Bxe3 42. Rdxe3 Nxe3 43. Kxe3 Rxh2 44. a5 Kd5 45. Rb6 Rh3+
46. Kf2 Ke4 47. Rxb7 Kxf4 48. a6 Rh2+ 49. Kg1 Ra2 50. Rxh7 Kg3 51. Rf7 Rxa6 52.
Rf1 g5 53. Rb1 Ra3 54. Rc1 g4 55. Rb1 Kh3 56. Rc1 Ra2 57. Rb1 Rg2+ 58. Kh1 Rh2+
1/2-1/2

[Event "SWE-ch"]
[Site "Borlange"]
[Date "2014.07.16"]
[Round "5"]
[White "Berg, Emanuel"]
[Black "Carlsson, Pontus"]
[Result "1/2-1/2"]
[WhiteElo "2557"]
[BlackElo "2485"]
[PlyCount "88"]
[EventDate "2014.07.12"]
[EventType "tourn"]
[EventRounds "9"]
[EventCountry "SWE"]
[EventCategory "10"]
[SourceTitle "CBM 161 Extra"]
[Source "ChessBase"]
[SourceDate "2014.08.29"]
[SourceVersion "1"]
[SourceVersionDate "2014.08.29"]
[SourceQuality "1"]

1. e4 c5 2. d4 cxd4 3. c3 Nf6 4. e5 Nd5 5. Nf3 Nc6 6. Bc4 Nb6 7. Bb3 d5 8. exd6
Qxd6 9. O-O Be6 10. Na3 dxc3 11. Bxe6 Qxd1 12. Rxd1 fxe6 13. bxc3 g6 14. Ng5 e5
15. Rb1 Rc8 16. Ne4 Bg7 17. Be3 O-O 18. Bxb6 axb6 19. Nc4 b5 20. Nb6 Rcd8 21.
Nd7 Rf4 22. f3 b4 23. cxb4 Nd4 24. Nb6 h5 25. a4 Bh6 26. a5 g5 27. b5 g4 28.
Kh1 gxf3 29. gxf3 Rh4 30. a6 bxa6 31. bxa6 Bf4 32. Rb2 Bxh2 33. Rxh2 Rxh2+ 34.
Kxh2 Nxf3+ 35. Kg3 Rxd1 36. Kxf3 Ra1 37. Nc5 Ra5 38. Nc4 Rxc5 39. a7 e4+ 40.
Ke3 Rc8 41. Nb6 Rc3+ 42. Kxe4 Ra3 43. a8=R+ Rxa8 44. Nxa8 Kf7 1/2-1/2

[Event "SWE-ch"]
[Site "Borlange"]
[Date "2014.07.16"]
[Round "5"]
[White "Wiedenkeller, Michael"]
[Black "Andersson, Tommy"]
[Result "0-1"]
[WhiteElo "2479"]
[BlackElo "2336"]
[PlyCount "98"]
[EventDate "2014.07.12"]
[EventType "tourn"]
[EventRounds "9"]
[EventCountry "SWE"]
[EventCategory "10"]
[SourceTitle "CBM 161 Extra"]
[Source "ChessBase"]
[SourceDate "2014.08.29"]
[SourceVersion "1"]
[SourceVersionDate "2014.08.29"]
[SourceQuality "1"]

1. d4 Nf6 2. c4 e6 3. Nc3 d5 4. Bg5 Be7 5. Nf3 h6 6. Bxf6 Bxf6 7. e3 O-O 8. Qd2
b6 9. O-O-O Bb7 10. cxd5 exd5 11. h4 Bc8 12. Bd3 Nc6 13. Rdg1 h5 14. Ng5 g6 15.
Be2 Kg7 16. g4 hxg4 17. Bxg4 Bxg4 18. Rxg4 Rh8 19. Rhg1 Ne7 20. Rf4 Rh5 21. Qe2
Bxg5 22. hxg5 Qd7 23. e4 c6 24. Qf3 Rf8 25. Rf6 b5 26. Qf4 b4 27. Qe5 Kg8 28.
Rd6 Qe8 29. Na4 dxe4 30. Nc5 Nf5 31. Rd7 Rh4 32. b3 Qxe5 33. dxe5 Re8 34. Rxa7
Nd4 35. Rd1 Nb5 36. Ra6 Nc3 37. Rd6 Rxe5 38. Nd7 Rxg5 39. Nf6+ Kg7 40. Ra8 Rf5
41. Rg8+ Kh6 42. Rh8+ Kg5 43. Rxh4 Kxh4 44. Nxe4 Nxe4 45. Rd4 Rf4 46. f3 f5 47.
fxe4 Rxe4 48. Rd6 g5 49. Rxc6 g4 0-1

[Event "SWE-ch"]
[Site "Borlange"]
[Date "2014.07.16"]
[Round "5"]
[White "Blomqvist, Erik"]
[Black "Hillarp Persson, Tiger"]
[Result "1-0"]
[WhiteElo "2496"]
[BlackElo "2564"]
[Annotator "Ziegler,A"]
[PlyCount "71"]
[EventDate "2014.07.12"]
[EventType "tourn"]
[EventRounds "9"]
[EventCountry "SWE"]
[EventCategory "10"]
[SourceTitle "CBM 161 Extra"]
[Source "ChessBase"]
[SourceDate "2014.08.29"]
[SourceVersion "1"]
[SourceVersionDate "2014.08.29"]
[SourceQuality "1"]
[WhiteClock "0:00:37"]
[BlackClock "0:00:31"]

1. e4 c5 2. Nf3 d6 3. d4 cxd4 4. Nxd4 Nf6 5. Nc3 a6 6. h3 e5 7. Nb3 Be6 8. Be3
Nc6 {A rare line} 9. Qf3 {Blomqvist is well prepared!} Rc8 10. O-O-O Nb4 (10...
Qc7 11. Kb1 Nb4 {transposes}) 11. Kb1 ({There is no point with} 11. a3 Na2+ 12.
Nxa2 Bxb3) 11... Qc7 {Black provokes White to play a3.} 12. a3 {which he
happily do!} Nxc2 13. Kxc2 Qc6 14. Nd2 d5 15. exd5 Nxd5 16. Ndb1 Qa4+ 17. Kd2
Nxc3 (17... Qb3 {has been played before, Hillarp tries to improve.}) 18. bxc3
Bb3 {The players considered the following 2-3-4-5 moves more or less forced.
In the analysis they did not spend any time on alternatives.} 19. Bd3 (19. Rc1
$1 {-Hans Tikkanen}) 19... Rd8 20. Ke2 (20. Bb6 $5 {-Hans Tikkanen}) 20... Bd5
21. Qg4 e4 22. Ke1 h5 23. Qf4 Bb3 $1 {[#]Difficult move to forsee in move 19.}
24. Bc2 Bxc2 25. Qe5+ Be7 26. Rxd8+ Kxd8 27. Qb8+ Kd7 28. Qxh8 Qb5 29. Qxg7
Qxb1+ 30. Kd2 Qa2 31. Bd4 {?-Hans Tikkanen} (31. Ra1 $11 {according to Hans
Tikkanen.}) 31... Bd3+ (31... Bb3+ {is winning according GM Hans Tikkanen.})
32. Ke3 Bd6 33. Re1 Qd5 34. f3 Qf5 35. fxe4 Bxe4 36. Qf6 {And Tiger's clock
ran out of time...} (36. Qf6 Qxf6 37. Bxf6 Bxg2 38. h4 Bxa3 {should be a draw.}
) 1-0

[Event "SWE-ch"]
[Site "Borlange"]
[Date "2014.07.15"]
[Round "4"]
[White "Cramling, Pia"]
[Black "Blomqvist, Erik"]
[Result "1-0"]
[WhiteElo "2491"]
[BlackElo "2496"]
[PlyCount "65"]
[EventDate "2014.07.12"]
[EventType "tourn"]
[EventRounds "9"]
[EventCountry "SWE"]
[EventCategory "10"]
[SourceTitle "CBM 161 Extra"]
[Source "ChessBase"]
[SourceDate "2014.08.29"]
[SourceVersion "1"]
[SourceVersionDate "2014.08.29"]
[SourceQuality "1"]

1. d4 d5 2. c4 c6 3. cxd5 cxd5 4. Bf4 Nf6 5. Nc3 Nc6 6. e3 Bf5 7. Rc1 a6 8. Nf3
Rc8 9. Be2 e6 10. O-O Be7 11. Qb3 Na5 12. Qa4+ Nc6 13. Bxa6 Ra8 14. Bxb7 Rxa4
15. Bxc6+ Nd7 16. Nxa4 O-O 17. Bb5 Nf6 18. Ne5 Bd6 19. Nc6 Qc7 20. Bxd6 Qxd6
21. h3 g5 22. Ne5 Qb4 23. Bc6 Rc8 24. a3 Qd2 25. Rfd1 Qa5 26. Rc5 Qa7 27. Nc3
Rb8 28. Bb5 Rb7 29. a4 Bc2 30. Rc1 Bb3 31. Rc8+ Kg7 32. Nc6 Qb6 33. a5 1-0

[Event "SWE-ch"]
[Site "Borlange"]
[Date "2014.07.15"]
[Round "4"]
[White "Carlsson, Pontus"]
[Black "Grandelius, Nils"]
[Result "1/2-1/2"]
[WhiteElo "2485"]
[BlackElo "2588"]
[PlyCount "81"]
[EventDate "2014.07.12"]
[EventType "tourn"]
[EventRounds "9"]
[EventCountry "SWE"]
[EventCategory "10"]
[SourceTitle "CBM 161 Extra"]
[Source "ChessBase"]
[SourceDate "2014.08.29"]
[SourceVersion "1"]
[SourceVersionDate "2014.08.29"]
[SourceQuality "1"]

1. e4 e5 2. Nf3 Nc6 3. Bb5 a6 4. Ba4 Nf6 5. O-O Be7 6. d3 d6 7. c4 O-O 8. h3
Nd7 9. Be3 Bf6 10. Bxc6 bxc6 11. Nc3 Re8 12. Qd2 Nf8 13. d4 exd4 14. Nxd4 c5
15. Nde2 Ng6 16. f3 Bb7 17. Rad1 Be5 18. b3 h6 19. Nd5 Ne7 20. Nef4 a5 21.
Nxe7+ Qxe7 22. Nd3 a4 23. Nxe5 Qxe5 24. Bf4 Qf6 25. Rfe1 Bc6 26. Bg3 axb3 27.
axb3 Ra3 28. e5 dxe5 29. Qb2 Rea8 30. Ra1 Rxa1 31. Rxa1 Re8 32. Re1 Qg6 33. Kh2
e4 34. fxe4 Rxe4 35. Rxe4 Qxe4 36. Bxc7 Qd3 37. Bg3 Be4 38. Bf2 Qd6+ 39. Bg3
Qd1 40. Bf2 Qc2 41. Qxc2 1/2-1/2

[Event "SWE-ch"]
[Site "Borlange"]
[Date "2014.07.15"]
[Round "4"]
[White "Hector, Jonny"]
[Black "Wiedenkeller, Michael"]
[Result "0-1"]
[WhiteElo "2483"]
[BlackElo "2479"]
[Annotator "Ziegler,A"]
[PlyCount "130"]
[EventDate "2014.07.12"]
[EventType "tourn"]
[EventRounds "9"]
[EventCountry "SWE"]
[EventCategory "10"]
[SourceTitle "CBM 161 Extra"]
[Source "ChessBase"]
[SourceDate "2014.08.29"]
[SourceVersion "1"]
[SourceVersionDate "2014.08.29"]
[SourceQuality "1"]
[WhiteClock "0:03:44"]
[BlackClock "0:07:12"]

1. e4 e5 2. Nf3 Nc6 3. Bc4 Bc5 4. b4 Bxb4 5. c3 Be7 6. d4 Na5 7. Bd3 d6 8. dxe5
dxe5 9. Nxe5 Nf6 10. O-O O-O 11. Qc2 Be6 12. Rd1 Qe8 13. Nd2 Bc5 14. Nef3 Ng4 {
[#]} 15. Rf1 (15. Nd4 {is perhaps somewhat more efficient.} Bb6 16. Be2) 15...
f6 16. Nd4 Ne5 17. Be2 Rd8 18. N2b3 Nxb3 19. axb3 Bxd4 20. cxd4 Nc6 21. Be3
Nxd4 22. Bxd4 Rxd4 23. Rxa7 Qd7 24. Qc3 Rb8 {[#]This is the disadvantage with
the Evans Gambit. Sometimes the game gets rather dull and ends up in a drawish
position. From here Hector gradually puts himself into problems.} 25. Rc1 c6
26. Qe3 Rd8 27. h3 Qc7 28. Bf1 Rb4 29. Bc4 Bxc4 30. bxc4 Qe5 31. Qa3 Qb2 32.
Qe3 Rb3 33. Qe1 Qd2 34. Qxd2 Rxd2 35. Ra8+ Kf7 36. Rc8 Ke7 37. Rg8 Kf7 38. Rc8
Rd7 39. Kh2 Rb2 40. Kg3 Rd3+ 41. f3 Rdd2 42. Rc7+ Kg6 43. Rg1 Rdc2 44. Kf4 Rxg2
(44... Rxc4 45. g4 Rc3 46. g5 Rf2 47. Rg3 b5 48. gxf6+ Kxf6 49. e5+ Ke6 50.
Rcxg7 {was difficult to judge.}) 45. Rxg2+ Rxg2 46. Rxb7 Rc2 47. Rb4 Rc3 48.
Kg4 h5+ 49. Kf4 Kh6 50. e5 fxe5+ 51. Kxe5 Rxf3 52. h4 Rh3 53. c5 (53. Rb6 $11)
53... Rd3 54. Ke6 Rd5 55. Rc4 g5 56. hxg5+ Kxg5 57. Rc1 h4 58. Rc3 Kg4 59. Rc4+
Kg3 60. Rc3+ Kf2 61. Rc2+ Ke3 62. Rh2 Rh5 63. Kd6 Rh6+ 64. Kc7 h3 65. Kb6 Kf4
0-1

[Event "SWE-ch"]
[Site "Borlange"]
[Date "2014.07.15"]
[Round "4"]
[White "Hillarp Persson, Tiger"]
[Black "Berg, Emanuel"]
[Result "1/2-1/2"]
[WhiteElo "2564"]
[BlackElo "2557"]
[PlyCount "165"]
[EventDate "2014.07.12"]
[EventType "tourn"]
[EventRounds "9"]
[EventCountry "SWE"]
[EventCategory "10"]
[SourceTitle "CBM 161 Extra"]
[Source "ChessBase"]
[SourceDate "2014.08.29"]
[SourceVersion "1"]
[SourceVersionDate "2014.08.29"]
[SourceQuality "1"]

1. d4 Nf6 2. c4 g6 3. Nc3 Bg7 4. Nf3 O-O 5. Bg5 c5 6. d5 h6 7. Bh4 d6 8. e3 Qb6
9. Rb1 e6 10. Nd2 exd5 11. cxd5 Bf5 12. Nc4 Qa6 13. Rc1 b5 14. Nd2 c4 15. a4 b4
16. Na2 b3 17. Nc3 Bc2 18. Bxc4 Qb6 19. Qe2 Qb4 20. O-O Nbd7 21. Bxf6 Bxf6 22.
Bd3 Bxd3 23. Qxd3 Nc5 24. Qc4 Rab8 25. Rfd1 Bxc3 26. Rxc3 Nxa4 27. Qxb4 Rxb4
28. Rxb3 Rxb3 29. Nxb3 Rb8 30. Nd4 Rxb2 31. h4 Nc3 32. Rd3 Nxd5 33. Ra3 Nf6 34.
f3 Nd5 35. h5 Kg7 36. g3 Rb7 37. hxg6 fxg6 38. e4 Nc7 39. f4 a6 40. Nc6 Rb6 41.
Rc3 Rb1+ 42. Kg2 Nb5 43. Rd3 Rc1 44. Nd4 Rc3 45. Rd2 Rc4 46. Nxb5 axb5 47. Rxd6
Rxe4 48. Rb6 Rb4 49. Kh3 Rb1 50. Kg4 b4 51. Rb7+ Kf6 52. Rb6+ Kf7 53. Rb7+ Ke6
54. Rb6+ Kf7 55. Rb7+ Ke8 56. Rb6 b3 57. Rxg6 h5+ 58. Kf5 Rg1 59. Re6+ Kf7 60.
Rf6+ Kg7 61. Rg6+ Kf7 62. Rf6+ Kg7 63. Rg6+ Kh7 64. Rb6 Rxg3 65. Rb7+ Kg8 66.
Kf6 h4 67. Rb8+ Kh7 68. Rb7+ Kh6 69. Rb8 Kh5 70. Kf5 Rg6 71. Rxb3 Ra6 72. Rb1
h3 73. Ke4 Ra3 74. f5 Kg4 75. f6 h2 76. Rh1 Kg3 77. f7 Ra8 78. Ke5 Kg2 79.
Rxh2+ Kxh2 80. Ke6 Kg3 81. Ke7 Ra7+ 82. Ke6 Rxf7 83. Kxf7 1/2-1/2

[Event "SWE-ch"]
[Site "Borlange"]
[Date "2014.07.14"]
[Round "3"]
[White "Berg, Emanuel"]
[Black "Blomqvist, Erik"]
[Result "1/2-1/2"]
[WhiteElo "2557"]
[BlackElo "2496"]
[PlyCount "74"]
[EventDate "2014.07.12"]
[EventType "tourn"]
[EventRounds "9"]
[EventCountry "SWE"]
[EventCategory "10"]
[SourceTitle "CBM 161 Extra"]
[Source "ChessBase"]
[SourceDate "2014.08.29"]
[SourceVersion "1"]
[SourceVersionDate "2014.08.29"]
[SourceQuality "1"]

1. e4 c5 2. Nf3 Nc6 3. Nc3 e6 4. d4 cxd4 5. Nxd4 Qc7 6. Be3 Nf6 7. f4 Nxd4 8.
Qxd4 b6 9. Be2 Bc5 10. Qd3 Ba6 11. Qxa6 Bxe3 12. g3 e5 13. Qd3 exf4 14. Nb5 Qe5
15. Nd6+ Kf8 16. Bf3 Qxb2 17. Qc4 Ke7 18. Rd1 Bc5 19. e5 Qxe5+ 20. Kf1 Qe6 21.
Re1 Be3 22. gxf4 Kxd6 23. Qb4+ Kc7 24. Qc3+ Kd8 25. Bxa8 Re8 26. Rg1 Nh5 27.
Bf3 Qh3+ 28. Bg2 Qxh2 29. Rxe3 Qxf4+ 30. Ke2 Ng3+ 31. Kd1 Rxe3 32. Qd2 Qg4+ 33.
Kc1 Ne2+ 34. Kb2 Nxg1 35. Qxe3 Qxg2 36. Qe5 Qg6 37. Kb1 Nf3 1/2-1/2

[Event "SWE-ch"]
[Site "Borlange"]
[Date "2014.07.14"]
[Round "3"]
[White "Grandelius, Nils"]
[Black "Hillarp Persson, Tiger"]
[Result "0-1"]
[WhiteElo "2588"]
[BlackElo "2564"]
[PlyCount "94"]
[EventDate "2014.07.12"]
[EventType "tourn"]
[EventRounds "9"]
[EventCountry "SWE"]
[EventCategory "10"]
[SourceTitle "CBM 161 Extra"]
[Source "ChessBase"]
[SourceDate "2014.08.29"]
[SourceVersion "1"]
[SourceVersionDate "2014.08.29"]
[SourceQuality "1"]

1. e4 c5 2. Nf3 d6 3. d4 cxd4 4. Nxd4 Nf6 5. Nc3 Nc6 6. Bg5 e6 7. Qd2 a6 8.
O-O-O Bd7 9. f4 b5 10. Bxf6 gxf6 11. Kb1 b4 12. Nce2 Qb6 13. Nxc6 Bxc6 14. f5
e5 15. Ng3 h5 16. h4 Qc5 17. Bd3 a5 18. Qe2 a4 19. Bc4 Ra7 20. c3 Bh6 21. cxb4
Qxb4 22. a3 Qc5 23. Bd5 Ke7 24. Qxh5 Bxd5 25. Rxd5 Qb6 26. Rhd1 Rb7 27. Qe2
Rhb8 28. Ka1 Qxb2+ 29. Qxb2 Rxb2 30. Rxd6 Rxg2 31. Nh5 Be3 32. Rd7+ Kf8 33.
Rd8+ Rxd8 34. Rxd8+ Ke7 35. Rb8 Rg1+ 36. Kb2 Bd4+ 37. Kc2 Ra1 38. Rb7+ Kd6 39.
Nxf6 Rxa3 40. Nd5 Rh3 41. Rxf7 Rh2+ 42. Kd3 a3 43. Rf6+ Kc5 44. Ra6 a2 45. f6
a1=Q 46. Rxa1 Bxa1 47. h5 Kd6 0-1

[Event "SWE-ch"]
[Site "Borlange"]
[Date "2014.07.14"]
[Round "3"]
[White "Wiedenkeller, Michael"]
[Black "Carlsson, Pontus"]
[Result "1/2-1/2"]
[WhiteElo "2479"]
[BlackElo "2485"]
[PlyCount "118"]
[EventDate "2014.07.12"]
[EventType "tourn"]
[EventRounds "9"]
[EventCountry "SWE"]
[EventCategory "10"]
[SourceTitle "CBM 161 Extra"]
[Source "ChessBase"]
[SourceDate "2014.08.29"]
[SourceVersion "1"]
[SourceVersionDate "2014.08.29"]
[SourceQuality "1"]

1. d4 Nf6 2. c4 e6 3. Nc3 Bb4 4. e3 O-O 5. Bd3 d5 6. Nge2 dxc4 7. Bxc4 c5 8. a3
Bxc3+ 9. Nxc3 cxd4 10. exd4 Nc6 11. Be3 b6 12. O-O Bb7 13. Ba2 Ne7 14. Bg5 Ng6
15. d5 h6 16. Bxf6 Qxf6 17. dxe6 fxe6 18. Qd7 Bxg2 19. Qxe6+ Qxe6 20. Bxe6+ Kh7
21. Kxg2 Nf4+ 22. Kg3 Nxe6 23. Rae1 Rf6 24. f4 Raf8 25. Nd5 Rg6+ 26. Kf3 Nd4+
27. Ke4 Nb3 28. Kd3 Rd8 29. Kc3 Nd2 30. Kxd2 Rxd5+ 31. Ke3 Re6+ 32. Kf3 Rd3+
33. Kg4 Rg6+ 34. Kf5 Rf6+ 35. Ke4 Rd2 36. Rc1 Rxb2 37. Rc7 Rxh2 38. Rg1 Re6+
39. Kf5 Rf6+ 40. Ke4 Rg6 41. Rxg6 Kxg6 42. f5+ Kf6 43. Rc6+ Ke7 44. Rc7+ Kd6
45. Rxa7 Rh4+ 46. Kf3 Ke5 47. Rxg7 Kxf5 48. Rf7+ Ke5 49. Rb7 Rf4+ 50. Ke3 Rf6
51. a4 Kf5 52. Kf3 Ke5+ 53. Ke3 Kf5 54. Kf3 Kg5+ 55. Kg2 Kg4 56. Rg7+ Kf4 57.
Ra7 Rg6+ 58. Kh2 Ke4 59. a5 bxa5 1/2-1/2

[Event "SWE-ch"]
[Site "Borlange"]
[Date "2014.07.14"]
[Round "3"]
[White "Andersson, Tommy"]
[Black "Cramling, Pia"]
[Result "1-0"]
[WhiteElo "2336"]
[BlackElo "2491"]
[PlyCount "81"]
[EventDate "2014.07.12"]
[EventType "tourn"]
[EventRounds "9"]
[EventCountry "SWE"]
[EventCategory "10"]
[SourceTitle "CBM 161 Extra"]
[Source "ChessBase"]
[SourceDate "2014.08.29"]
[SourceVersion "1"]
[SourceVersionDate "2014.08.29"]
[SourceQuality "1"]

1. d4 Nf6 2. c4 e6 3. Nf3 b6 4. g3 Ba6 5. Qa4 Be7 6. Bg2 c6 7. Nc3 O-O 8. O-O
d5 9. cxd5 cxd5 10. Bf4 b5 11. Nxb5 Qe8 12. Nc3 Qxa4 13. Nxa4 Bxe2 14. Rfc1
Nbd7 15. Nc3 Bd3 16. Bf1 Bxf1 17. Kxf1 a6 18. Na4 Ra7 19. Rc6 Ne4 20. h4 h6 21.
Rac1 g5 22. hxg5 hxg5 23. Be3 Rb8 24. b3 Kg7 25. Ke2 Rb4 26. Kd3 Bf6 27. Rc7
Rbb7 28. Rxb7 Rxb7 29. Nd2 Nxd2 30. Bxd2 e5 31. Nc5 Nxc5+ 32. Rxc5 exd4 33.
Rxd5 Kg6 34. Rd6 Ra7 35. Ba5 Kf5 36. Bb6 Ra8 37. g4+ Ke5 38. Rxd4 Ke6 39. Ra4
Kd5 40. Ra5+ Kd6 41. Ke4 1-0

[Event "SWE-ch"]
[Site "Borlange"]
[Date "2014.07.13"]
[Round "2"]
[White "Cramling, Pia"]
[Black "Berg, Emanuel"]
[Result "1/2-1/2"]
[WhiteElo "2491"]
[BlackElo "2557"]
[Annotator "Ziegler,A"]
[PlyCount "218"]
[EventDate "2014.07.12"]
[EventType "tourn"]
[EventRounds "9"]
[EventCountry "SWE"]
[EventCategory "10"]
[SourceTitle "CBM 161 Extra"]
[Source "ChessBase"]
[SourceDate "2014.08.29"]
[SourceVersion "1"]
[SourceVersionDate "2014.08.29"]
[SourceQuality "1"]
[WhiteClock "0:04:02"]
[BlackClock "0:02:41"]

1. Nf3 Nf6 2. c4 g6 3. Nc3 Bg7 4. e4 d6 5. d4 O-O 6. Be2 e5 7. d5 a5 8. Be3 Na6
9. Nd2 Nd7 10. O-O f5 11. exf5 gxf5 12. f4 Nac5 (12... e4 {Leads to a position
with no real hopes for Black.}) 13. Qc2 (13. fxe5 {Can of course, not be bad
for White.} Nxe5 14. Nb3 Qe7 15. Qd2 {gives White a slightly better version to
the game.}) 13... b6 14. Rae1 exf4 15. Bxf4 Ne5 16. Nf3 ({The computer likes:}
16. Nb5 {tying the queen to he defence of the c-pawn.} Bd7 17. Kh1 Bxb5 18.
cxb5 Qf6 19. Nb3 Ned7 20. Nxc5 Nxc5 {but, this variation is nonsence.}) 16...
Bd7 17. Qd2 Qf6 18. Bg5 Nxf3+ 19. Rxf3 Qd4+ 20. Qxd4 Bxd4+ 21. Be3 Be5 22. Bf4
Bd4+ 23. Be3 Be5 24. Bf4 Rae8 25. Bxe5 Rxe5 26. Rb1 f4 27. Rf2 Bf5 28. Rd1 Ne4
29. Nxe4 Bxe4 30. Rd4 Kg7 31. Bd1 Bb1 32. a3 Re4 33. Rxe4 Bxe4 34. Kf1 Kg6 35.
Ke2 Kg5 36. Kd2 Bg6 37. Ba4 Rf7 38. Be8 Re7 39. Bxg6 hxg6 40. Re2 Rh7 41. h3
Kh4 42. Re6 Rg7 43. Ke2 Kg3 44. Kf1 a4 45. Rf6 g5 46. Rf5 g4 47. hxg4 Kxg4 48.
Rf6 Kg3 49. Rf8 b5 50. cxb5 Rg5 51. Rf7 Rxd5 52. Rg7+ Kh4 53. Rxc7 Rxb5 54. Rc4
Kg3 55. Rc3+ Kg4 56. Rd3 d5 57. Rd4 Rxb2 58. Rxd5 Rb3 59. Ra5 Rxa3 60. Kg1 Ra1+
61. Kf2 Ra2+ 62. Kf1 a3 63. Ra8 Kf5 64. Ra4 Ke5 65. Kg1 Kf5 66. Kf1 Ke6 67. Kg1
Ke5 68. Kh1 Kd5 69. Rxf4 Rb2 70. Ra4 a2 71. Kh2 Kc5 72. Kh3 Kb5 73. Ra8 Kb4 74.
g3 Rc2 75. Kh4 Kb3 76. Rb8+ Kc3 77. Ra8 Kb3 78. Rb8+ Kc3 79. Ra8 Kb2 80. Rb8+
Kc1 81. Ra8 Kb1 82. g4 a1=Q 83. Rxa1+ Kxa1 84. g5 Kb2 85. g6 Rg2 86. Kh5 Kc3
87. Kh6 Kd4 88. g7 Ke5 89. Kh7 Kf6 90. g8=N+ Kf7 91. Nh6+ Ke6 92. Ng8 Kf7 93.
Nh6+ Kf8 94. Nf5 Rg5 95. Nh6 Rg7+ 96. Kh8 Ra7 97. Ng4 Rf7 98. Nh6 Re7 99. Ng4
Re4 100. Nh6 Re5 101. Kh7 Rg5 102. Kh8 Ke7 103. Kh7 Ke6 104. Ng8 Kf7 105. Nh6+
Ke7 106. Ng8+ Ke6 107. Nh6 Rg2 108. Ng8 Rxg8 109. Kxg8 Ke5 1/2-1/2

[Event "SWE-ch"]
[Site "Borlange"]
[Date "2014.07.13"]
[Round "2"]
[White "Blomqvist, Erik"]
[Black "Grandelius, Nils"]
[Result "1/2-1/2"]
[WhiteElo "2496"]
[BlackElo "2588"]
[PlyCount "102"]
[EventDate "2014.07.12"]
[EventType "tourn"]
[EventRounds "9"]
[EventCountry "SWE"]
[EventCategory "10"]
[SourceTitle "CBM 161 Extra"]
[Source "ChessBase"]
[SourceDate "2014.08.29"]
[SourceVersion "1"]
[SourceVersionDate "2014.08.29"]
[SourceQuality "1"]

1. e4 e5 2. Nf3 Nc6 3. Be2 Nf6 4. d3 Bc5 5. c3 a6 6. O-O d6 7. d4 Ba7 8. dxe5
Nxe5 9. Nxe5 dxe5 10. Qxd8+ Kxd8 11. Bg5 h6 12. Bxf6+ gxf6 13. Nd2 Ke7 14. Nc4
Be6 15. Rfd1 Rhd8 16. Kf1 Rxd1+ 17. Rxd1 b5 18. Na5 Bd7 19. h3 Bb6 20. Bg4 Be8
21. Nb3 a5 22. Nc1 Bc6 23. Bf3 b4 24. Ne2 Bb5 25. Ke1 Bc4 26. Ra1 Bc5 27. Ng3
bxc3 28. bxc3 Rb8 29. Nf5+ Ke8 30. Be2 Be6 31. a4 Bxf5 32. exf5 Rb2 33. Rd1 Ke7
34. Bb5 Bxf2+ 35. Kf1 Bb6 36. Rd7+ Kf8 37. g4 Rf2+ 38. Ke1 Rf4 39. Ke2 h5 40.
Bc6 hxg4 41. hxg4 Rxg4 42. Bd5 Kg7 43. Rxf7+ Kh6 44. Rxf6+ Kg5 45. Rg6+ Kxf5
46. Rxg4 Kxg4 47. Kd3 Kf4 48. Be4 Bf2 49. Bc6 Be1 50. Bd5 c5 51. c4 Bh4 1/2-1/2